| 000 | 02348nam a2200229Ia 4500 | ||
|---|---|---|---|
| 003 | Ost | ||
| 005 | 20260416102402.0 | ||
| 008 | 260416s9999||||xx |||||||||||||| ||und|| | ||
| 040 | _cfsecg | ||
| 041 | _aara | ||
| 082 | _a519.52 | ||
| 100 |
_aفتح الله، مسعودة _eمؤلف |
||
| 245 | 0 |
_aدروس في سبر الآراء / _c مسعودة فتح الله |
|
| 260 |
_aالجزائر _bجامعة الجزائر3: كلية العلوم الإقتصادية، العلوم التجارية وعلوم التسيير _c2024 |
||
| 300 |
_a120 ورقة _bايضاحات _c12 سم |
||
| 504 | _aالمراجع ص.120 | ||
| 520 | _aمفاهيم أساسية، تعريف سبر الآراء وتاريخه، المجتمع الإحصائي والعينة الإحصائية، طرق جمع البيانات، خطوات المسح الإحصائي عن طريق سبر الآراء، الخطوات الأساسية لعملية المسح، إدارة المسوحات، المعاينة الإحصائية وطرق اختيار العينات، نظرية العينات، طرق أخذ العينة، العينة العشوائية البسيطة SAS ، توزيع المعاينة للمتوسط، حساب حجم العينة بطريقة المعاينة العشوائية البسيطة، الإستبيان وقواعد تصميمه ، تفريغه وتحليله، تعريف الإستبيان، تصميمه، مرتكزات الدراسة بالإستبيان، القواعد العامة لصياغة الأسئلة، طرق الترميز ومعالجة البيانات، تطبيق تحليل بيانات الإستبيان باستخدام SPSS، تفريغ بيانات الاستبيان في برنامج SPSS، تحليل البيانات باستخدام SPSS، استكشاف البيانات عن طريق المؤشرات الإحصائية والمخططات البيانية، الجداول التقاطعية، الجدول التقاطعي لمتغيرين، الجدول التقاطعي لأكثر من متغيرين. | ||
| 653 | _aالإستبيانات- بحوث | ||
| 653 | _aالعينات العشوائية | ||
| 710 |
_aجامعة الجزائر3: كلية العلوم الإقتصادية، العلوم التجارية وعلوم التسيير _eناشر علمي |
||
| 942 | _cHANDOUT | ||
| 999 |
_c41450 _d41450 |
||